Research Project on National Income in East Central Europe (Record no. 4315)

MARC details
000 -LEADER
fixed length control field 00487nam a22001937i 4500
001 - CONTROL NUMBER
control field 4394
003 - CONTROL NUMBER IDENTIFIER
control field OSt
005 - DATE AND TIME OF LATEST TRANSACTION
control field 20170126082334.0
007 - PHYSICAL DESCRIPTION FIXED FIELD--GENERAL INFORMATION
fixed length control field tu
008 - FIXED-LENGTH DATA ELEMENTS--GENERAL INFORMATION
fixed length control field 161220s1989 xxu||||| |||| 00| 0 d
024 7# - OTHER STANDARD IDENTIFIER
Standard number or code 4393
Source of number or code RID
040 ## - CATALOGING SOURCE
Transcribing agency OSt
084 ## - OTHER CLASSIFICATION NUMBER
Classification number 8.21
-- 8.23
Number source z
110 2# - MAIN ENTRY--CORPORATE NAME
Corporate name or jurisdiction name as entry element L.W. International Financial Research, Inc.
Relator term Ed.
245 00 - TITLE STATEMENT
Title Research Project on National Income in East Central Europe
260 ## - PUBLICATION, DISTRIBUTION, ETC.
Place of publication, distribution, etc. New York,
Date of publication, distribution, etc. 1989.
300 ## - PHYSICAL DESCRIPTION
Dimensions 30cm
490 ## - SERIES STATEMENT
Series statement Occasional Papers
Volume/sequential designation 105-109
942 ## - ADDED ENTRY ELEMENTS (KOHA)
Koha item type Book
Holdings
Withdrawn status Lost status Damaged status Not for loan Home library Current library Shelving location Date acquired Inventory number Total Checkouts Full call number Barcode Date last seen Price effective from Koha item type
        WIIW WIIW Souterrain 09/07/1999 4394   II-690/105-109 304392 01/26/2017 01/26/2017 Book
The Vienna Instiute for International Economic Studies (wiiw)